Les pays ayant un drapeau possédant uniquement du bleu, du rouge et du blanc - Statistiques

Statistiques générales
  • Ce quiz a été pris 373 fois
    354 depuis la dernière actualisation
  • Le résultat moyen est 13 sur 22
Statistiques - réponses
N°24 Nom du pays % Correct
7 France
100%
16 Pays-Bas
91%
19 Russie
90%
6 Etats-Unis
85%
11 Luxembourg
85%
18 Royaume-uni
77%
1 Australie
74%
14 Nouvelle-Zélande
72%
13 Norvège
63%
8 Islande
60%
21 Slovaquie
57%
22 Thaïlande
57%
3 Chili
56%
15 Panama
55%
5 Cuba
54%
17 République Tchèque
51%
4 Corée du Nord
44%
9 Laos
40%
10 Liberia
39%
2 Cambodge
38%
20 Samoa
34%
12 Népal
28%
Aucun quiz correspondant
Distribution des résultats
% des personnes avec chaque résultat
Percentile par nombre de réponses
Votre historique - résultats
Vous n’avez pas pris ce quiz depuis la dernière actualisation